An introduction to physical science / (Record no. 5730)

MARC details
000 -LEADER
fixed length control field 00827cam a2200277 a 4500
001 - CONTROL NUMBER
control field 567185
003 - CONTROL NUMBER IDENTIFIER
control field mut
005 - DATE AND TIME OF LATEST TRANSACTION
control field 20240606081002.0
008 - FIXED-LENGTH DATA ELEMENTS--GENERAL INFORMATION
fixed length control field 890720s1990 maua 001 0 eng
010 ## - LIBRARY OF CONGRESS CONTROL NUMBER
LC control number 89085448
020 ## - INTERNATIONAL STANDARD BOOK NUMBER
International Standard Book Number 066920000X
040 ## - CATALOGING SOURCE
Original cataloging agency DLC
Transcribing agency DLC
Modifying agency DLC
050 00 - LIBRARY OF CONGRESS CALL NUMBER
Classification number Q161.2
Item number .S44 1990
082 00 - DEWEY DECIMAL CLASSIFICATION NUMBER
Classification number 500.2
Edition information 20
100 1# - MAIN ENTRY--PERSONAL NAME
Personal name Shipman, James T.
245 13 - TITLE STATEMENT
Title An introduction to physical science /
250 ## - EDITION STATEMENT
Edition statement 6th ed.
260 ## - PUBLICATION, DISTRIBUTION, ETC.
Place of publication, distribution, etc. Lexington, Mass. :
Name of publisher, distributor, etc. D.C. Heath,
Date of publication, distribution, etc. c1990.
300 ## - PHYSICAL DESCRIPTION
Extent xix, 630 p. :
Other physical details ill. (some col.) ;
Dimensions 26 cm.
500 ## - GENERAL NOTE
General note Includes index.
650 #0 - SUBJECT ADDED ENTRY--TOPICAL TERM
Topical term or geographic name entry element Physical sciences.
700 1# - ADDED ENTRY--PERSONAL NAME
Personal name Wilson, Jerry D.
906 ## - LOCAL DATA ELEMENT F, LDF (RLIN)
a 7
b cbc
c orignew
d 3
e opcn
f 19
g y-gencatlg
942 ## - ADDED ENTRY ELEMENTS (KOHA)
Source of classification or shelving scheme Library of Congress Classification
Koha item type Books
Holdings
Withdrawn status Lost status Source of classification or shelving scheme Damaged status Not for loan Home library Current library Date acquired Total checkouts Full call number Barcode Date last seen Price effective from Koha item type
    Library of Congress Classification     Murang'a University of Technology Library Murang'a University of Technology Library 23/02/2017   Q161.2 .S44 1990 006006 30/08/2024 23/02/2017 Books